<?xml version="1.0" encoding="UTF-8"?><?xml-stylesheet type="text/xsl" href="static/style.xsl"?><OAI-PMH xmlns="http://www.openarchives.org/OAI/2.0/" xmlns:xsi="http://www.w3.org/2001/XMLSchema-instance" xsi:schemaLocation="http://www.openarchives.org/OAI/2.0/ http://www.openarchives.org/OAI/2.0/OAI-PMH.xsd"><responseDate>2026-04-17T06:07:45Z</responseDate><request verb="GetRecord" identifier="oai:www.recercat.cat:11351/12071" metadataPrefix="marc">https://recercat.cat/oai/request</request><GetRecord><record><header><identifier>oai:recercat.cat:11351/12071</identifier><datestamp>2025-10-24T10:40:54Z</datestamp><setSpec>com_2072_378070</setSpec><setSpec>com_2072_378040</setSpec><setSpec>col_2072_378092</setSpec></header><metadata><record xmlns="http://www.loc.gov/MARC21/slim" xmlns:dcterms="http://purl.org/dc/terms/" xmlns:xsi="http://www.w3.org/2001/XMLSchema-instance" xmlns:doc="http://www.lyncode.com/xoai" xsi:schemaLocation="http://www.loc.gov/MARC21/slim http://www.loc.gov/standards/marcxml/schema/MARC21slim.xsd">
   <leader>00925njm 22002777a 4500</leader>
   <datafield ind2=" " ind1=" " tag="042">
      <subfield code="a">dc</subfield>
   </datafield>
   <datafield ind2=" " ind1=" " tag="720">
      <subfield code="a">Sanmartín Sánchez, Alicia</subfield>
      <subfield code="e">author</subfield>
   </datafield>
   <datafield ind2=" " ind1=" " tag="720">
      <subfield code="a">Cabrera César, Eva Belén</subfield>
      <subfield code="e">author</subfield>
   </datafield>
   <datafield ind2=" " ind1=" " tag="720">
      <subfield code="a">Espíldora-Hernández, Francisco</subfield>
      <subfield code="e">author</subfield>
   </datafield>
   <datafield ind2=" " ind1=" " tag="720">
      <subfield code="a">Amaya-Campos, María del Mar</subfield>
      <subfield code="e">author</subfield>
   </datafield>
   <datafield ind2=" " ind1=" " tag="720">
      <subfield code="a">Vegas-Aguilar, Isabel María</subfield>
      <subfield code="e">author</subfield>
   </datafield>
   <datafield ind2=" " ind1=" " tag="720">
      <subfield code="a">Palmas, Fiorella</subfield>
      <subfield code="e">author</subfield>
   </datafield>
   <datafield ind2=" " ind1=" " tag="720">
      <subfield code="a">Fernandez Jimenez, Rocio</subfield>
      <subfield code="e">author</subfield>
   </datafield>
   <datafield ind2=" " ind1=" " tag="260">
      <subfield code="c">2024-10-16T11:47:08Z</subfield>
   </datafield>
   <datafield ind2=" " ind1=" " tag="260">
      <subfield code="c">2024-10-16T11:47:08Z</subfield>
   </datafield>
   <datafield ind2=" " ind1=" " tag="260">
      <subfield code="c">2024-08-28</subfield>
   </datafield>
   <datafield ind2=" " ind1=" " tag="520">
      <subfield code="a">Body composition; Computed tomography; Idiopathic pulmonary fibrosis</subfield>
   </datafield>
   <datafield ind2=" " ind1=" " tag="520">
      <subfield code="a">Composición corporal; Tomografía computarizada; Fibrosis pulmonar idiopática</subfield>
   </datafield>
   <datafield ind2=" " ind1=" " tag="520">
      <subfield code="a">Composició corporal; Tomografia computeritzada; Fibrosi pulmonar idiopàtica</subfield>
   </datafield>
   <datafield ind2=" " ind1=" " tag="520">
      <subfield code="a">Background: Body composition (BC) techniques, including bioelectrical impedance analysis (BIVA), nutritional ultrasound® (NU), and computed tomography (CT), can detect nutritional diagnoses such as sarcopenia (Sc). Sc in idiopathic pulmonary fibrosis (IPF) is associated with greater severity and lower survival. Our aim was to explore the correlation of BIVA, NU and functional parameters with BC at T12 level CT scans in patients with IPF but also its relationship with degree of Sc, malnutrition and mortality. Methods: This bicentric cross-sectional study included 60 IPF patients (85.2% male, 70.9 ± 7.8 years). Morphofunctional assessment (MFA) techniques included BIVA, NU, CT at T12 level (T12-CT), handgrip strength, and timed up and go. CT data were obtained using FocusedON®. Statistical analysis was conducted using JAMOVI version 2.3.22 to determine the cutoff points for Sc in T12-CT and to analyze correlations with other MFA techniques. Results: the cutoff for muscle area in T12-CT was ≤77.44 cm2 (area under the curve (AUC) = 0.734, sensitivity = 41.7%, specificity = 100%). The skeletal muscle index (SMI_T12CT) cutoff was ≤24.5 cm2/m2 (AUC = 0.689, sensitivity = 66.7%, specificity = 66.7%). Low SMI_T12CT exhibited significantly reduced median survival and higher risk of mortality compared to those with normal muscle mass (SMI cut off ≥ 28.8 cm/m2). SMI_T12CT was highly correlated with body cell mass from BIVA (r = 0.681) and rectus femoris cross-sectional area (RF-CSA) from NU (r = 0.599). Cronbach’s α for muscle parameters across different MFA techniques and CT was 0.735, confirming their validity for evaluating muscle composition. Conclusions: T12-CT scan is a reliable technique for measuring low muscle mass in patients with IPF, specifically when the L3 vertebrae are not captured. An SMI value of &lt;28.8 is a good predictor of low lean mass and 12-month mortality in IPF patients.</subfield>
   </datafield>
   <datafield ind2=" " ind1=" " tag="520">
      <subfield code="a">This research was funded by FRESENEIUS KABI. The APC was funded by FRESENIUS KABI.</subfield>
   </datafield>
   <datafield ind1="8" ind2=" " tag="024">
      <subfield code="a">http://hdl.handle.net/11351/12071</subfield>
   </datafield>
   <datafield tag="653" ind2=" " ind1=" ">
      <subfield code="a">Cos - Composició</subfield>
   </datafield>
   <datafield tag="653" ind2=" " ind1=" ">
      <subfield code="a">Atròfia muscular - Diagnòstic</subfield>
   </datafield>
   <datafield tag="653" ind2=" " ind1=" ">
      <subfield code="a">Atròfia muscular - Tomografia</subfield>
   </datafield>
   <datafield tag="653" ind2=" " ind1=" ">
      <subfield code="a">Fibrosi pulmonar</subfield>
   </datafield>
   <datafield tag="653" ind2=" " ind1=" ">
      <subfield code="a">DISEASES::Respiratory Tract Diseases::Lung Diseases::Lung Diseases, Interstitial::Idiopathic Interstitial Pneumonias::Idiopathic Pulmonary Fibrosis</subfield>
   </datafield>
   <datafield tag="653" ind2=" " ind1=" ">
      <subfield code="a">ANALYTICAL, DIAGNOSTIC AND THERAPEUTIC TECHNIQUES, AND EQUIPMENT::Diagnosis::Diagnostic Techniques and Procedures::Diagnostic Imaging::Image Interpretation, Computer-Assisted::Tomography, X-Ray Computed</subfield>
   </datafield>
   <datafield tag="653" ind2=" " ind1=" ">
      <subfield code="a">PHENOMENA AND PROCESSES::Physiological Phenomena::Body Constitution::Body Composition</subfield>
   </datafield>
   <datafield tag="653" ind2=" " ind1=" ">
      <subfield code="a">DISEASES::Nervous System Diseases::Neurologic Manifestations::Neuromuscular Manifestations::Muscular Atrophy::Sarcopenia</subfield>
   </datafield>
   <datafield tag="653" ind2=" " ind1=" ">
      <subfield code="a">Other subheadings::Other subheadings::/diagnosis</subfield>
   </datafield>
   <datafield tag="653" ind2=" " ind1=" ">
      <subfield code="a">ENFERMEDADES::enfermedades respiratorias::enfermedades pulmonares::enfermedades pulmonares intersticiales::neumonías intersticiales idiopáticas::fibrosis pulmonar idiopática</subfield>
   </datafield>
   <datafield tag="653" ind2=" " ind1=" ">
      <subfield code="a">TÉCNICAS Y EQUIPOS ANALÍTICOS, DIAGNÓSTICOS Y TERAPÉUTICOS::diagnóstico::técnicas y procedimientos diagnósticos::diagnóstico por imagen::interpretación de imágenes asistida por ordenador::tomografía computarizada por rayos X</subfield>
   </datafield>
   <datafield tag="653" ind2=" " ind1=" ">
      <subfield code="a">FENÓMENOS Y PROCESOS::fenómenos fisiológicos::constitución corporal::composición corporal</subfield>
   </datafield>
   <datafield tag="653" ind2=" " ind1=" ">
      <subfield code="a">ENFERMEDADES::enfermedades del sistema nervioso::manifestaciones neurológicas::manifestaciones neuromusculares::atrofia muscular::sarcopenia</subfield>
   </datafield>
   <datafield tag="653" ind2=" " ind1=" ">
      <subfield code="a">Otros calificadores::Otros calificadores::/diagnóstico</subfield>
   </datafield>
   <datafield ind2="0" ind1="0" tag="245">
      <subfield code="a">IA-Body Composition CT at T12 in Idiopathic Pulmonary Fibrosis: Diagnosing Sarcopenia and Correlating with Other Morphofunctional Assessment Techniques</subfield>
   </datafield>
</record></metadata></record></GetRecord></OAI-PMH>